Normal view MARC view

Entry Personal Name

Used in 1 records

001 - CONTROL NUMBER

  • control field: 10966

003 - CONTROL NUMBER IDENTIFIER

  • control field: OSt

005 - DATE AND TIME OF LATEST TRANSACTION

  • control field: 20161027091640.0

008 - FIXED-LENGTH DATA ELEMENTS

  • fixed length control field: 161027|| aca||aabn | a|a d

040 ## - CATALOGING SOURCE

  • Original cataloging agency: OSt

100 ## - HEADING--PERSONAL NAME

  • Personal name: THO SOPHAL; ថូ សុផល
មជ្ឈមណ្ឌលឯការនៃសាកលវិទ្យាល័យភូមិន្ទកសិកម្មចំការដូង

Powered by Koha